000 00458nam a2200145 i 4500
001 90573
003 ES-MaACL
007 t|
008 050121s1915 ag ||||1| spa d
100 1 _aLeguizamón, Martiniano.
_971319
245 1 3 _aLa casa natal de San Martín
_b: estudio crítico /
_cMartiniano Leguizamón.
260 _aBuenos Aires :
_bCompañía Sudamericana de Billetes de Banco,
_c1915.
300 _a122 p. ;
_c24 cm.
852 _aES-MaACL
_jG-4979
999 _c90573
_d90573